Le transizioni /
Saved in:
| 主要作者: | |
|---|---|
| 其他作者: | |
| 格式: | 圖書 |
| 語言: | 意大利语 |
| 出版: |
Palermo :
Sellerio,
2020
|
| 叢編: | Il contesto ;
108 |
| 標簽: |
沒有標簽, 成為第一個標記此記錄!
|
MARC
| LEADER | 00000nam a2200000 i 4500 | ||
|---|---|---|---|
| 001 | IT\ICCU\PAL\0318071 | ||
| 003 | ItRI | ||
| 005 | 20260124121931.0 | ||
| 008 | 200224s2020 it |||||| ||||| |||||c | ||
| 015 | |2 IT |a 2020-1115 | ||
| 020 | |a 8838939799 | ||
| 020 | |a 9788838939792 | ||
| 040 | |b ita |c EL | ||
| 041 | 7 | |a ita |2 ISO-639-2 | |
| 082 | |a 894.54134 |2 23 | ||
| 100 | 1 | |a Statovci, Pajtim |0 IT\ICCU\MODV\661031 |4 aut | |
| 240 | 1 | 0 | |a Tiranan sydän |9 Statovci, Pajtim |
| 245 | 1 | 3 | |a Le transizioni / |c Pajtim Statovci ; traduzione di Nicola Rainò. |
| 260 | |a Palermo : |b Sellerio, |c 2020 | ||
| 300 | |a 263 p. ; |c 21 cm | ||
| 700 | 1 | |a Rainò, Nicola |0 IT\ICCU\TO0V\257284 |4 trl | |
| 830 | 3 | |a Il contesto ; |v 108 |0 IT\ICCU\MOD\0798229 | |
| 942 | |2 ddc |c BK | ||
| 952 | |0 0 |1 0 |2 ddc |4 0 |6 894_541340000000000_STA_TRA |7 0 |9 2211 |a CT |b CT |d 2024-12-10 |l 1 |o 894.54134 STA TRA |p 9672 |r 2024-12-10 19:04:09 |s 2024-12-10 |w 2024-12-10 |y BK | ||
| 952 | |0 0 |1 0 |2 ddc |4 0 |6 894_541340000000000_STA_TRA |7 1 |9 4136 |a AO |b AO |d 2025-05-01 |l 0 |o 894.54134 STA TRA |p 11313 |r 2025-05-01 19:57:11 |w 2025-05-01 |x Di proprietà di Giulio Gasperini |y BK | ||
| 952 | |0 0 |1 0 |4 0 |6 DOC_894_541000000000000_STA |7 0 |9 15689 |a BO |b BO |d 2026-01-15 |i 19470 |l 0 |o DOC 894.541 STA |p BO19470 |r 2026-01-15 23:19:08 |w 2026-01-15 |x [Sebina 5] [1 v.] |y BK |z 1 v. | ||
| 999 | |c 1944 |d 1944 | ||